000 00937nam a22001937a 4500
999 _c61906
_d61906
003 Ge_BSU
005 20240606162328.0
008 240606s1991 ge ||||| |||| 00| 0 geo d
041 _ageo
080 _a61(035)+ 615.89 ს-27
245 _aსაოჯახო მედიცინა /
_c[შემდგ.: ვახტანგ ალადაშვილი, ქეთევან თაბუკაშვილი]; ვ. ალადაშვილის რედ.
250 _aმეორე გამოცემა
264 _aთბ. :
_bსაქართველო,
_c1991.
300 _a608 გვ. ;
_b20 სმ.
653 _aსაოჯახო მედიცინა
700 _aალადაშვილი, ვახტანგ
_eშემდგ.
_922342
700 _aთაბუკაშვილი, ქეთევან
_e შემდგენელი
_922343
942 _2udc
_cᲬᲘᲒᲜᲘ